000 00542nam a2200181Ia 4500
008 090124s9999 xx 000 0 und d
082 _b31895
_a2285
100 _aभोसले राजन बा.
245 _a समग्र कामजीवन
250 _a0
260 _c2003
300 _a159
600 _aभोसले राजन बा.
630 _a समग्र कामजीवन
700 _aभोसले राजन बा.
730 _a समग्र कामजीवन
942 _cBOOK
999 _c145375
_d145375